000 00236nmm a2200085Ia 4500
008 220120s9999||||xx |||||||||||||||||und||
100 _aCHIP magazine
245 0 _aLinux Destros; ubuntu 2013, mageia3, centoes, pc Linux OS,
260 _c2013
999 _c139854
_d139854